| 000 | 01261nam a2200325Ia 4500 | ||
|---|---|---|---|
| 001 | ebr10281385 | ||
| 003 | CaPaEBR | ||
| 006 | m u | ||
| 007 | cr cn||||||||| | ||
| 008 | 081017s2009 vtu sb 001 0 eng d | ||
| 010 | _z 2008045428 | ||
| 020 | _z9780754625421 (alk. paper) | ||
| 020 | _z0754625427 (alk. paper) | ||
| 040 |
_aCaPaEBR _cCaPaEBR |
||
| 035 | _a(OCoLC)646802738 | ||
| 050 | 1 | 4 |
_aK236 _b.M45 2009eb |
| 100 | 1 | _aMelissaris, Emmanuel. | |
| 245 | 1 | 0 |
_aUbiquitous law _h[electronic resource] : _blegal theory and the space for legal pluralism / _cby Emmanuel Melissaris. |
| 260 |
_aBurlington, VT : _bAshgate Pub., _cc2009. |
||
| 300 | _avii, 170 p. | ||
| 490 | 1 | _aLaw, justice, and power | |
| 504 | _aIncludes bibliographical references and index. | ||
| 533 |
_aElectronic reproduction. _bPalo Alto, Calif. : _cebrary, _d2011. _nAvailable via World Wide Web. _nAccess may be limited to ebrary affiliated libraries. |
||
| 650 | 0 | _aLegal polycentricity. | |
| 650 | 0 |
_aLaw _xMethodology. |
|
| 655 | 7 |
_aElectronic books. _2local |
|
| 710 | 2 | _aebrary, Inc. | |
| 830 | 0 | _aLaw, justice, and power. | |
| 856 | 4 | 0 |
_uhttp://site.ebrary.com/lib/rucke/Doc?id=10281385 _zAn electronic book accessible through the World Wide Web; click to view |
| 999 |
_c4061 _d4061 |
||